[Event "Newport Open"]
[Site "Newport"]
[Date "2007.01.05"]
[Round "1"]
[White "Evans, Craig"]
[Black "Kett, Timothy J"]
[Result "0-1"]
[WhiteElo "1952"]
[BlackElo "2231"]
[PlyCount "98"]
[EventDate "2007.01.05"]
[EventType "swiss"]
[EventRounds "5"]
[EventCountry "WLS"]
[SourceTitle "BritBase"]
[Source "John Saunders"]
[SourceDate "2025.01.31"]
[SourceVersion "1"]
[SourceVersionDate "2025.01.31"]
[SourceQuality "1"]

1. e4 e5 2. Nf3 d6 3. d4 exd4 4. Qxd4 Nc6 5. Bb5 Bd7 6. Bxc6 Bxc6 7. Bg5 Nf6 8. Bxf6 Qxf6 9. Qxf6 gxf6 10. Nc3 O-O-O 11. O-O-O Rg8 12. g3 f5 13. Rhe1 Bh6+ 14. Nd2 fxe4 15. Kb1 f5 16. Nb3 Rde8 17. Nd4 Rgf8 18. Nde2 f4 19. Nd4 e3 20. fxe3 fxe3 21. Nxc6 bxc6 22. Re2 Rf2 23. Rde1 Rxe2 24. Rxe2 d5 25. Kc1 d4 26. Na4 Rf8 27. Kd1 Kd7 28. Nc5+ Kd6 29. Nd3 c5 30. b3 Kd5 31. Ke1 c4 32. Nb2 cxb3 33. axb3 c5 34. Rg2 Rf6 35. Ke2 Ra6 36. Nc4 Ra1 37. Kd3 Rf1 38. Ke2 Ra1 39. Kd3 a5 40. Ke2 Ke4 41. Nd6+ Kd5 42. Nc4 a4 43. Nb6+ Ke4 44. Nxa4 Rxa4 45. bxa4 c4 46. Rg1 d3+ 47. cxd3+ cxd3+ 48. Ke1 e2 49. g4 Bf4 0-1

[Event "Newport Open"]
[Site "Newport"]
[Date "2007.01.05"]
[Round "1"]
[White "Miles, Richard J"]
[Black "Downey, Keith AB"]
[Result "0-1"]
[WhiteElo "2035"]
[BlackElo "1834"]
[PlyCount "56"]
[EventDate "2007.01.05"]
[EventType "swiss"]
[EventRounds "5"]
[EventCountry "WLS"]
[SourceTitle "BritBase"]
[Source "John Saunders"]
[SourceDate "2025.01.31"]
[SourceVersion "1"]
[SourceVersionDate "2025.01.31"]
[SourceQuality "1"]

1. d4 Nf6 2. c4 e6 3. Nf3 b6 4. a3 Ba6 5. Qc2 Bb7 6. Nbd2 c5 7. dxc5 bxc5 8. g3 Nc6 9. Bg2 Nd4 10. Qd3 e5 11. e4 d6 12. Nxd4 cxd4 13. O-O Be7 14. b4 Rc8 15. Bb2 O-O 16. Rfc1 Ne8 17. Nb3 Qd7 18. Rc2 f5 19. exf5 Bxg2 20. Kxg2 Rxf5 21. f3 Rf8 22. c5 Kh8 23. Rac1 Nf6 24. cxd6 Bxd6 25. Rxc8 Rxc8 26. Rxc8+ Qxc8 27. Na5 Nd5 28. Nc4 Qxc4 0-1

[Event "Newport Open"]
[Site "Newport"]
[Date "2007.01.05"]
[Round "1"]
[White "Davies, Carl"]
[Black "Taylor, Robert Graham"]
[Result "1/2-1/2"]
[WhiteElo "1817"]
[BlackElo "2014"]
[PlyCount "67"]
[EventDate "2007.01.05"]
[EventType "swiss"]
[EventRounds "5"]
[EventCountry "WLS"]
[SourceTitle "BritBase"]
[Source "John Saunders"]
[SourceDate "2025.01.31"]
[SourceVersion "1"]
[SourceVersionDate "2025.01.31"]
[SourceQuality "1"]

1. c4 Nf6 2. g3 e5 3. Bg2 Bc5 4. Nc3 O-O 5. a3 a5 6. e3 Re8 7. Nge2 c6 8. d4 exd4 9. exd4 Ba7 10. Bg5 h6 11. Bxf6 Qxf6 12. Ne4 Qe7 13. c5 b6 14. Nd6 Rf8 15. b4 bxc5 16. dxc5 Na6 17. Qd2 Bb8 18. O-O Bxd6 19. cxd6 Qf6 20. Qd4 Qxd4 21. Nxd4 axb4 22. axb4 Rb8 23. Nf5 Nxb4 24. Ne7+ Kh7 25. Nxc8 Rfxc8 26. Ra7 Rd8 27. Bh3 c5 28. Re1 Rb6 29. Rd1 c4 30. Rxd7 Rxd7 31. Bxd7 Nd3 32. Bf5+ g6 33. Bxd3 cxd3 34. Rxd3 1/2-1/2

[Event "Newport Open"]
[Site "Newport"]
[Date "2007.01.05"]
[Round "1"]
[White "Bridges, Paul L"]
[Black "Turner, Joseph David"]
[Result "1/2-1/2"]
[WhiteElo "1769"]
[BlackElo "1983"]
[PlyCount "25"]
[EventDate "2007.01.05"]
[EventType "swiss"]
[EventRounds "5"]
[EventCountry "WLS"]
[SourceTitle "BritBase"]
[Source "John Saunders"]
[SourceDate "2025.01.31"]
[SourceVersion "1"]
[SourceVersionDate "2025.01.31"]
[SourceQuality "1"]

1. e4 e5 2. Nc3 Bc5 3. Nf3 d6 4. Bc4 Nc6 5. d3 Be6 6. Nd5 Bg4 7. c3 a6 8. Be3 b5 9. Bb3 h6 10. Bxc5 dxc5 11. Qe2 Qd6 12. h3 Be6 13. O-O 1/2-1/2

[Event "Newport Open"]
[Site "Newport"]
[Date "2007.01.05"]
[Round "1"]
[White "Brockbank, Henry W"]
[Black "Sully, David John"]
[Result "1/2-1/2"]
[WhiteElo "1792"]
[BlackElo "2152"]
[PlyCount "37"]
[EventDate "2007.01.05"]
[EventType "swiss"]
[EventRounds "5"]
[EventCountry "WLS"]
[SourceTitle "BritBase"]
[Source "John Saunders"]
[SourceDate "2025.01.31"]
[SourceVersion "1"]
[SourceVersionDate "2025.01.31"]
[SourceQuality "1"]

1. c4 b6 2. d4 e6 3. e4 Bb7 4. Qc2 Qh4 5. d5 Bb4+ 6. Bd2 Bxd2+ 7. Nxd2 d6 8. g3 Qe7 9. Ne2 Nf6 10. Bg2 e5 11. h3 Nbd7 12. O-O-O a5 13. Kb1 Nc5 14. Rhe1 O-O 15. Nb3 Nfd7 16. Nxc5 Nxc5 17. f4 f6 18. f5 Kf7 19. Bf3 1/2-1/2

[Event "Newport Open"]
[Site "Newport"]
[Date "2007.01.05"]
[Round "1"]
[White "Dixon, Chris"]
[Black "Young, Alan J"]
[Result "1/2-1/2"]
[WhiteElo "1844"]
[BlackElo "2062"]
[PlyCount "49"]
[EventDate "2007.01.05"]
[EventType "swiss"]
[EventRounds "5"]
[EventCountry "WLS"]
[SourceTitle "BritBase"]
[Source "John Saunders"]
[SourceDate "2025.01.31"]
[SourceVersion "1"]
[SourceVersionDate "2025.01.31"]
[SourceQuality "1"]

1. f4 d5 2. Nf3 g6 3. e3 Bg7 4. Be2 Nf6 5. O-O c5 6. d3 Nc6 7. Ne5 Qc7 8. Nxc6 bxc6 9. Bf3 O-O 10. e4 dxe4 11. dxe4 Rd8 12. Qe2 Rb8 13. c4 e5 14. g3 Bh3 15. Rd1 Rxd1+ 16. Qxd1 Rd8 17. Qe2 Qd7 18. fxe5 Ng4 19. Bxg4 Bxg4 20. Qd2 Qe7 21. Qf4 Qe6 22. Nc3 Bxe5 23. Qg5 Bf6 24. Qf4 Bxc3 25. bxc3 1/2-1/2

[Event "Newport Open"]
[Site "Newport"]
[Date "2007.01.05"]
[Round "1"]
[White "Harley-Yeo, Gareth"]
[Black "Hunt, Bill"]
[Result "1-0"]
[WhiteElo "2009"]
[BlackElo "1774"]
[PlyCount "33"]
[EventDate "2007.01.05"]
[EventType "swiss"]
[EventRounds "5"]
[EventCountry "WLS"]
[SourceTitle "BritBase"]
[Source "John Saunders"]
[SourceDate "2025.01.31"]
[SourceVersion "1"]
[SourceVersionDate "2025.01.31"]
[SourceQuality "1"]

1. d4 g6 2. c4 Bg7 3. Nc3 Nf6 4. e4 d6 5. Nge2 O-O 6. Ng3 e5 7. d5 Nbd7 8. Be2 a5 9. h4 h5 10. Bg5 Nc5 11. Bxh5 gxh5 12. Nxh5 Bg4 13. Nxf6+ Bxf6 14. Qxg4 Bxg5 15. hxg5 Nd3+ 16. Kd2 Nxf2 17. Qh5 1-0

[Event "Newport Open"]
[Site "Newport"]
[Date "2007.01.05"]
[Round "1"]
[White "Jones, Richard S"]
[Black "Fathallah, Joe"]
[Result "1-0"]
[WhiteElo "2302"]
[BlackElo "1922"]
[PlyCount "87"]
[EventDate "2007.01.05"]
[EventType "swiss"]
[EventRounds "5"]
[EventCountry "WLS"]
[SourceTitle "BritBase"]
[Source "John Saunders"]
[SourceDate "2025.01.31"]
[SourceVersion "1"]
[SourceVersionDate "2025.01.31"]
[SourceQuality "1"]

1. e4 e6 2. d4 d5 3. Nc3 dxe4 4. Nxe4 Bd7 5. Nf3 Bc6 6. Bd3 Nd7 7. O-O Ngf6 8. Ned2 Be7 9. Nc4 b6 10. Nce5 Bb7 11. Bb5 O-O 12. Nc6 Qe8 13. c4 Nb8 14. Nxe7+ Qxe7 15. Bg5 Rd8 16. Qe2 Bc6 17. Bxc6 Nxc6 18. Rad1 Qf8 19. Bxf6 gxf6 20. Rfe1 Re8 21. Qe4 Ne7 22. Qf4 Rac8 23. Qxf6 Qg7 24. Qf4 Ng6 25. Qg3 c5 26. b3 cxd4 27. Rxd4 Red8 28. Red1 Qf6 29. h4 Rxd4 30. Rxd4 Kh8 31. h5 Ne7 32. Qe5 Qxe5 33. Nxe5 f6 34. Rd7 Nc6 35. Nxc6 Rxc6 36. h6 Kg8 37. Rxa7 f5 38. Rg7+ Kh8 39. Rd7 Kg8 40. f4 e5 41. fxe5 Rxh6 42. Rd6 Rxd6 43. exd6 Kf7 44. b4 1-0

[Event "Newport Open"]
[Site "Newport"]
[Date "2007.01.05"]
[Round "1"]
[White "Spice, Alan P"]
[Black "Morcom, Huw C"]
[Result "1-0"]
[WhiteElo "2216"]
[BlackElo "1881"]
[PlyCount "75"]
[EventDate "2007.01.05"]
[EventType "swiss"]
[EventRounds "5"]
[EventCountry "WLS"]
[SourceTitle "BritBase"]
[Source "John Saunders"]
[SourceDate "2025.01.31"]
[SourceVersion "1"]
[SourceVersionDate "2025.01.31"]
[SourceQuality "1"]

1. Nc3 a6 2. g3 d5 3. Bg2 Nf6 4. d3 c6 5. f4 d4 6. Ne4 Qa5+ 7. Bd2 Qb6 8. Nxf6+ exf6 9. Qc1 Bd6 10. e4 dxe3 11. Bxe3 Bc5 12. Bxc5 Qxc5 13. Nf3 O-O 14. d4 Re8+ 15. Kf2 Qc4 16. Qd2 Bf5 17. c3 Nd7 18. b3 Qb5 19. c4 Qb6 20. Rhe1 h6 21. Nh4 Bh7 22. c5 Nxc5 23. Rxe8+ Rxe8 24. dxc5 Qxc5+ 25. Kf1 g5 26. Nf3 Re3 27. Qf2 Qc3 28. Re1 Rd3 29. fxg5 hxg5 30. Kg1 g4 31. Nh4 Rd2 32. Re8+ Kg7 33. Nf5+ Bxf5 34. Qxf5 Rd1+ 35. Bf1 Qd4+ 36. Kg2 Rd2+ 37. Re2 Rd1 38. Re4 1-0

[Event "Newport Open"]
[Site "Newport"]
[Date "2007.01.05"]
[Round "1"]
[White "Tew, Paul"]
[Black "Wagner, Guy"]
[Result "1-0"]
[WhiteElo "1966"]
[BlackElo "1730"]
[PlyCount "85"]
[EventDate "2007.01.05"]
[EventType "swiss"]
[EventRounds "5"]
[EventCountry "WLS"]
[SourceTitle "BritBase"]
[Source "John Saunders"]
[SourceDate "2025.01.31"]
[SourceVersion "1"]
[SourceVersionDate "2025.01.31"]
[SourceQuality "1"]

1. e4 e6 2. d4 d5 3. Nc3 Nf6 4. Bg5 Be7 5. e5 Nfd7 6. Bxe7 Qxe7 7. Qd2 a6 8. f4 c5 9. Nf3 Nc6 10. O-O-O cxd4 11. Nxd4 Nxd4 12. Qxd4 Qc5 13. Qd2 Nb6 14. Ne4 Qc6 15. Nd6+ Ke7 16. Qb4 Kd7 17. Nxf7 Rg8 18. Bd3 g6 19. h4 Kc7 20. h5 Bd7 21. hxg6 hxg6 22. Rh7 a5 23. Qb3 a4 24. Qb4 a3 25. Ng5 Ra4 26. Qb5 axb2+ 27. Qxb2 Kb8 28. Rxd7 Qxd7 29. Qxb6 Rxa2 30. Qxe6 Qd8 31. Qd6+ Qxd6 32. exd6 Kc8 33. Bb5 Ra1+ 34. Kd2 Ra5 35. Bd3 Kd7 36. Re1 Kxd6 37. Re6+ Kc5 38. Rxg6 Rh8 39. f5 Rh4 40. f6 Kb4 41. f7 Rf4 42. Ke3 Rf1 43. Bxf1 1-0

[Event "Newport Open"]
[Site "Newport"]
[Date "2007.01.06"]
[Round "2"]
[White "Downey, Keith AB"]
[Black "Spice, Alan P"]
[Result "0-1"]
[WhiteElo "1834"]
[BlackElo "2216"]
[PlyCount "62"]
[EventDate "2007.01.05"]
[EventType "swiss"]
[EventRounds "5"]
[EventCountry "WLS"]
[SourceTitle "BritBase"]
[Source "John Saunders"]
[SourceDate "2025.01.31"]
[SourceVersion "1"]
[SourceVersionDate "2025.01.31"]
[SourceQuality "1"]

1. c4 e6 2. Nf3 f5 3. g3 Nf6 4. Bg2 Be7 5. O-O O-O 6. d4 d6 7. Nc3 Qe8 8. Qc2 Qg6 9. b3 Nc6 10. Bb2 Ne4 11. a3 Nxc3 12. Bxc3 Bf6 13. Rad1 e5 14. d5 Ne7 15. b4 f4 16. Qb3 Bf5 17. Rc1 Qh5 18. Bb2 g5 19. c5 Be4 20. Rfd1 g4 21. Ne1 Bxg2 22. Kxg2 Qh3+ 23. Kg1 Bg5 24. Rc3 f3 25. exf3 Rf6 26. Qc4 Raf8 27. Qxg4 Qxg4 28. fxg4 Rxf2 29. Nd3 Re2 30. Bc1 Nxd5 31. Rc4 Ne3 0-1

[Event "Newport Open"]
[Site "Newport"]
[Date "2007.01.06"]
[Round "2"]
[White "Kett, Timothy J"]
[Black "Tew, Paul"]
[Result "1-0"]
[WhiteElo "2231"]
[BlackElo "1966"]
[PlyCount "53"]
[EventDate "2007.01.05"]
[EventType "swiss"]
[EventRounds "5"]
[EventCountry "WLS"]
[SourceTitle "BritBase"]
[Source "John Saunders"]
[SourceDate "2025.01.31"]
[SourceVersion "1"]
[SourceVersionDate "2025.01.31"]
[SourceQuality "1"]

1. e4 g6 2. d4 c6 3. c4 Bg7 4. Nc3 d6 5. f4 Qb6 6. Nf3 Bg4 7. Be3 Bxf3 8. gxf3 e5 9. Na4 Qd8 10. fxe5 dxe5 11. dxe5 Qa5+ 12. Bd2 Qd8 13. Qe2 Qh4+ 14. Qf2 Qxf2+ 15. Kxf2 Bxe5 16. Bh3 Nd7 17. Be3 b5 18. cxb5 cxb5 19. Nc3 Bxc3 20. bxc3 Rc8 21. Rhd1 Rd8 22. a4 a6 23. axb5 axb5 24. Bxd7+ Rxd7 25. Ra8+ Ke7 26. Rxd7+ Kxd7 27. Bd4 1-0

[Event "Newport Open"]
[Site "Newport"]
[Date "2007.01.06"]
[Round "2"]
[White "Sully, David John"]
[Black "Dixon, Chris"]
[Result "1-0"]
[WhiteElo "2152"]
[BlackElo "1844"]
[PlyCount "59"]
[EventDate "2007.01.05"]
[EventType "swiss"]
[EventRounds "5"]
[EventCountry "WLS"]
[SourceTitle "BritBase"]
[Source "John Saunders"]
[SourceDate "2025.01.31"]
[SourceVersion "1"]
[SourceVersionDate "2025.01.31"]
[SourceQuality "1"]

1. e4 d6 2. d4 Nf6 3. Bd3 e5 4. c3 Nc6 5. d5 Ne7 6. c4 Ng6 7. g3 Be7 8. Nc3 c6 9. f3 Bd7 10. Be3 c5 11. h4 h5 12. Nh3 a6 13. a4 Qc8 14. Nf2 Rb8 15. Qe2 b6 16. b3 Kf8 17. Bc1 Kg8 18. Nfd1 Bd8 19. Ne3 Ne7 20. Rb1 g6 21. Qg2 b5 22. axb5 Ba5 23. Bd2 Bxc3 24. Bxc3 axb5 25. f4 Qc7 26. fxe5 dxe5 27. Qb2 Kg7 28. Bxe5 Qb6 29. O-O Neg8 30. d6 1-0

[Event "Newport Open"]
[Site "Newport"]
[Date "2007.01.06"]
[Round "2"]
[White "Hunt, Bill"]
[Black "Miles, Richard J"]
[Result "0-1"]
[WhiteElo "1774"]
[BlackElo "2035"]
[PlyCount "148"]
[EventDate "2007.01.05"]
[EventType "swiss"]
[EventRounds "5"]
[EventCountry "WLS"]
[SourceTitle "BritBase"]
[Source "John Saunders"]
[SourceDate "2025.01.31"]
[SourceVersion "1"]
[SourceVersionDate "2025.01.31"]
[SourceQuality "1"]

1. e4 c5 2. c3 Nf6 3. e5 Nd5 4. d4 cxd4 5. cxd4 e6 6. Nf3 b6 7. a3 Bb7 8. Bd3 Be7 9. O-O O-O 10. Bd2 d6 11. Nc3 Nxc3 12. Bxc3 Nd7 13. Re1 dxe5 14. Nxe5 Nf6 15. Bc2 Qd5 16. Nf3 Bd6 17. Qd3 Rad8 18. Bd2 Qh5 19. h3 Bxf3 20. Qxf3 Qxf3 21. gxf3 Nd5 22. Re4 Rc8 23. Bb3 Nf6 24. Re2 h6 25. Kg2 Rfd8 26. Be3 Bb8 27. Rd1 Nd5 28. Red2 Kf8 29. Rd3 Rd7 30. Bxd5 Rxd5 31. R1d2 Ke7 32. f4 Kf6 33. Kf3 Rcd8 34. Ke4 Kg6 35. Kf3 Kf5 36. Rd1 Kf6 37. R1d2 Kg6 38. Kg4 Rc8 39. Re2 Bd6 40. Rd1 Kf6 41. Rd3 h5+ 42. Kf3 Kf5 43. Rd1 Rd8 44. Red2 f6 45. Rg1 g6 46. Rc2 Bb8 47. Rgc1 g5 48. fxg5 fxg5 49. Rg1 Rg8 50. Rg2 g4+ 51. hxg4+ hxg4+ 52. Ke2 Ke4 53. Rc6 Kf5 54. Rc2 Bd6 55. Rc1 Rg7 56. Rc2 Be7 57. Rc7 Bf6 58. Rxg7 Bxg7 59. Kd3 Bxd4 60. Bxd4 e5 61. Kc4 Rxd4+ 62. Kb5 Kf4 63. Ka6 Rd7 64. Rg3 e4 65. Re3 Rd2 66. Kxa7 Rxf2 67. Rb3 e3 68. Rxb6 Kf3 69. a4 g3 70. a5 g2 71. Rf6+ Ke2 72. Rg6 Kf1 73. a6 e2 74. Kb7 e1=Q 0-1

[Event "Newport Open"]
[Site "Newport"]
[Date "2007.01.06"]
[Round "2"]
[White "Abbott, Mark V"]
[Black "Mordue, A Tyson"]
[Result "0-1"]
[WhiteElo "1888"]
[BlackElo "2152"]
[PlyCount "135"]
[EventDate "2007.01.05"]
[EventType "swiss"]
[EventRounds "5"]
[EventCountry "WLS"]
[SourceTitle "BritBase"]
[Source "John Saunders"]
[SourceDate "2025.01.31"]
[SourceVersion "1"]
[SourceVersionDate "2025.01.31"]
[SourceQuality "1"]

1. d4 Nf6 2. c4 g6 3. Nc3 Bg7 4. e4 d6 5. Nf3 O-O 6. Be2 e5 7. O-O Na6 8. d5 Nc5 9. Bg5 h6 10. Bxf6 Qxf6 11. b4 Nd7 12. Qd2 Qd8 13. Ne1 a5 14. bxa5 Rxa5 15. Nd3 Ra8 16. a4 Qe7 17. a5 f5 18. f3 Kh7 19. Na4 Bf6 20. c5 dxc5 21. Qc3 b6 22. axb6 cxb6 23. Rfb1 fxe4 24. fxe4 Bg5 25. Nf2 Rb8 26. Ra2 Ra8 27. Rbb2 Qd6 28. Bg4 Bd8 29. Be2 Nf6 30. Qb3 Rf7 31. Nc3 Rxa2 32. Rxa2 Bd7 33. Ra7 Kg7 34. Bb5 Nh5 35. Nd3 Qf6 36. Ra1 Nf4 37. Nxf4 Qxf4 38. Qc2 Qe3+ 39. Kh1 Bxb5 40. Nxb5 Rf2 41. Qa4 h5 42. Nd6 Qg5 43. Qd7+ Qe7 44. Qxe7+ Bxe7 45. Kg1 Rf8 46. Nc4 b5 47. Nxe5 Bf6 48. Ra7+ Kg8 49. Nc6 Re8 50. Rb7 b4 51. Rb5 Rxe4 52. Rxc5 b3 53. Rb5 b2 54. Kf2 Rc4 55. Rb8+ Kg7 56. Rb7+ Kh6 57. Nd8 Bxd8 58. Rxb2 Rd4 59. Rb5 Rd2+ 60. Kf3 Kg5 61. h3 h4 62. d6+ Kf6 63. Rb8 Rxd6 64. Kg4 Rd4+ 65. Kf3 Kf5 66. Rb5+ Ke6 67. Rc5 Rd5 68. Rc6+ {time} 0-1

[Event "Newport Open"]
[Site "Newport"]
[Date "2007.01.06"]
[Round "2"]
[White "Davies, Matthew"]
[Black "Beveridge, Nigel K"]
[Result "0-1"]
[WhiteElo "1885"]
[BlackElo "2009"]
[PlyCount "77"]
[EventDate "2007.01.05"]
[EventType "swiss"]
[EventRounds "5"]
[EventCountry "WLS"]
[SourceTitle "BritBase"]
[Source "John Saunders"]
[SourceDate "2025.01.31"]
[SourceVersion "1"]
[SourceVersionDate "2025.01.31"]
[SourceQuality "1"]

1. d4 Nf6 2. c4 g6 3. Nc3 Bg7 4. e4 d6 5. Nf3 O-O 6. Be2 e5 7. O-O Na6 8. Be3 Qe7 9. d5 h6 10. Nd2 Nh7 11. f3 f5 12. a3 f4 13. Bf2 g5 14. b4 h5 15. c5 dxc5 16. Bxa6 cxb4 17. Bc4 Kh8 18. axb4 Qxb4 19. Qb3 Qe7 20. Qa3 Qd8 21. Rfd1 Rf6 22. Rac1 Rg6 23. Bf1 g4 24. Bc5 Bf6 25. Qa2 b6 26. Ba3 Ng5 27. Kh1 Qg8 28. Bd3 h4 29. d6 Qh7 30. Nd5 h3 31. g3 fxg3 32. hxg3 gxf3 33. Rxc7 Qh5 34. Nxf6 Rxf6 35. d7 Bxd7 36. Be7 Raf8 37. Bxf6+ Rxf6 38. Rxd7 f2 39. Qxa7 0-1

[Event "Newport Open"]
[Site "Newport"]
[Date "2007.01.06"]
[Round "2"]
[White "Fathallah, Joe"]
[Black "Christmas, Steve"]
[Result "1/2-1/2"]
[WhiteElo "1922"]
[BlackElo "1972"]
[PlyCount "57"]
[EventDate "2007.01.05"]
[EventType "swiss"]
[EventRounds "5"]
[EventCountry "WLS"]
[SourceTitle "BritBase"]
[Source "John Saunders"]
[SourceDate "2025.01.31"]
[SourceVersion "1"]
[SourceVersionDate "2025.01.31"]
[SourceQuality "1"]

1. d4 Nf6 2. Nf3 d5 3. c4 e6 4. Nc3 a6 5. Bg5 Bb4 6. e3 h6 7. Bf4 Nbd7 8. Qb3 Bxc3+ 9. bxc3 b6 10. Rb1 O-O 11. Bd3 Bb7 12. Ne5 Nxe5 13. Bxe5 dxc4 14. Qxc4 Rc8 15. f3 Nd7 16. Bg3 c5 17. Qb3 e5 18. Bf5 exd4 19. Bxd7 Qxd7 20. Qxb6 dxc3 21. O-O c2 22. Rbc1 Bc6 23. Rxc2 Bb5 24. Rfc1 c4 25. Qd6 Qxd6 26. Bxd6 Rfd8 27. Be5 Rd3 28. Bd4 Ra3 29. Kf2 1/2-1/2

[Event "Newport Open"]
[Site "Newport"]
[Date "2007.01.06"]
[Round "2"]
[White "Morcom, Huw C"]
[Black "Thomas, Joseff"]
[Result "1/2-1/2"]
[WhiteElo "1881"]
[BlackElo "2093"]
[PlyCount "81"]
[EventDate "2007.01.05"]
[EventType "swiss"]
[EventRounds "5"]
[EventCountry "WLS"]
[SourceTitle "BritBase"]
[Source "John Saunders"]
[SourceDate "2025.01.31"]
[SourceVersion "1"]
[SourceVersionDate "2025.01.31"]
[SourceQuality "1"]

1. e4 e5 2. d4 exd4 3. Qxd4 Nc6 4. Qe3 Nf6 5. Bd2 Bb4 6. a3 Bxd2+ 7. Nxd2 O-O 8. O-O-O Re8 9. f3 d5 10. Qg5 Re5 11. Qh4 Qe8 12. Bd3 Ne7 13. g4 Ng6 14. Qg3 Bxg4 15. exd5 Bf5 16. Bxf5 Rxf5 17. Qxc7 Nxd5 18. Qxb7 Ndf4 19. Nc4 Rc5 20. Nd6 Qe3+ 21. Kb1 Rf8 22. Qxa7 Qf2 23. Rc1 Nd3 24. Ne4 Qg2 25. Ne2 Rb5 26. cxd3 Qxe2 27. Rc2 Qxd3 28. Rhc1 Ne5 29. Ka1 Qb3 30. Nd2 Qe6 31. Qa4 Rbb8 32. Re1 Qd6 33. f4 Nd3 34. Rb1 Nb4 35. Rc4 Nd3 36. Qc2 Rfd8 37. Ne4 Qe6 38. Ng5 Qd5 39. Rd1 h6 40. Rc3 Rxb2 41. Qxb2 1/2-1/2

[Event "Newport Open"]
[Site "Newport"]
[Date "2007.01.06"]
[Round "2"]
[White "Taylor, Robert Graham"]
[Black "Bridges, Paul L"]
[Result "1/2-1/2"]
[WhiteElo "2014"]
[BlackElo "1769"]
[PlyCount "48"]
[EventDate "2007.01.05"]
[EventType "swiss"]
[EventRounds "5"]
[EventCountry "WLS"]
[SourceTitle "BritBase"]
[Source "John Saunders"]
[SourceDate "2025.01.31"]
[SourceVersion "1"]
[SourceVersionDate "2025.01.31"]
[SourceQuality "1"]

1. d4 e6 2. c4 f5 3. Nc3 Nf6 4. g3 c6 5. Bg2 d5 6. b3 Bd6 7. Nh3 O-O 8. O-O Nbd7 9. Bb2 Qe7 10. Qc1 b6 11. f3 c5 12. Nb5 Bb7 13. Qd2 cxd4 14. Nxd6 Qxd6 15. Bxd4 dxc4 16. bxc4 e5 17. Be3 Qxd2 18. Bxd2 Rac8 19. Rfc1 Ba6 20. g4 Bxc4 21. gxf5 Bxe2 22. Ng5 Bd3 23. Bh3 Nc5 24. Bb4 Nfd7 1/2-1/2

[Event "Newport Open"]
[Site "Newport"]
[Date "2007.01.06"]
[Round "2"]
[White "Thomas, Jac"]
[Black "Harley-Yeo, Gareth"]
[Result "1-0"]
[WhiteElo "1964"]
[BlackElo "2009"]
[PlyCount "61"]
[EventDate "2007.01.05"]
[EventType "swiss"]
[EventRounds "5"]
[EventCountry "WLS"]
[SourceTitle "BritBase"]
[Source "John Saunders"]
[SourceDate "2025.01.31"]
[SourceVersion "1"]
[SourceVersionDate "2025.01.31"]
[SourceQuality "1"]

1. e4 c5 2. d4 cxd4 3. c3 Nf6 4. e5 Nd5 5. Bc4 Nb6 6. Bb3 d3 7. Nf3 e6 8. Qxd3 d5 9. O-O Qc7 10. Be3 N8d7 11. Bd4 Nc5 12. Bxc5 Bxc5 13. Nbd2 Bd7 14. c4 dxc4 15. Nxc4 Nxc4 16. Qxc4 b5 17. Qg4 O-O 18. Bc2 g6 19. Rac1 Qb6 20. h4 Be7 21. h5 Kg7 22. Rfd1 Rad8 23. Nh4 g5 24. h6+ Kxh6 25. Nf3 Rh8 26. Rd3 Bc6 27. Nxg5 Bxg5 28. Rh3+ Kg7 29. Qxg5+ Kf8 30. Bxh7 Bb7 31. Qf6 1-0

[Event "Newport Open"]
[Site "Newport"]
[Date "2007.01.06"]
[Round "2"]
[White "Wagner, Guy"]
[Black "Evans, Craig"]
[Result "1/2-1/2"]
[WhiteElo "1730"]
[BlackElo "1952"]
[PlyCount "80"]
[EventDate "2007.01.05"]
[EventType "swiss"]
[EventRounds "5"]
[EventCountry "WLS"]
[SourceTitle "BritBase"]
[Source "John Saunders"]
[SourceDate "2025.01.31"]
[SourceVersion "1"]
[SourceVersionDate "2025.01.31"]
[SourceQuality "1"]

1. Nf3 b5 2. g3 Bb7 3. Bg2 c5 4. b3 e5 5. Bb2 d6 6. d3 Nf6 7. e4 Nbd7 8. c4 b4 9. a4 a5 10. Bh3 g6 11. Nbd2 Bh6 12. Bxd7+ Qxd7 13. Qe2 O-O-O 14. O-O-O Bc6 15. Kc2 Qb7 16. Ra1 Rhe8 17. h3 Re7 18. Bc1 Rde8 19. Re1 Nd7 20. Nh2 f5 21. f3 Nb6 22. Nb1 Bxc1 23. Rxc1 Qd7 24. g4 f4 25. Nd2 g5 26. Qf2 Kb7 27. Ra2 Rh8 28. Qg2 h6 29. Rca1 Reh7 30. Kb2 Na8 31. Rh1 Nc7 32. Raa1 Ne6 33. Qf1 Nd4 34. Qg2 Kb6 35. Qf1 Qf7 36. Qg2 Qg6 37. Rag1 Qe8 38. Ra1 Bd7 39. Kc1 h5 40. Kb2 h4 1/2-1/2

[Event "Newport Open"]
[Site "Newport"]
[Date "2007.01.06"]
[Round "2"]
[White "Young, Alan J"]
[Black "Davies, Carl"]
[Result "1-0"]
[WhiteElo "2062"]
[BlackElo "1817"]
[PlyCount "41"]
[EventDate "2007.01.05"]
[EventType "swiss"]
[EventRounds "5"]
[EventCountry "WLS"]
[SourceTitle "BritBase"]
[Source "John Saunders"]
[SourceDate "2025.01.31"]
[SourceVersion "1"]
[SourceVersionDate "2025.01.31"]
[SourceQuality "1"]

1. e4 e5 2. Nf3 Nf6 3. d4 Nxe4 4. Bd3 d5 5. Nxe5 Nd7 6. Nc3 Nxe5 7. dxe5 Bb4 8. O-O Nxc3 9. bxc3 Bxc3 10. Rb1 Qe7 11. f4 c6 12. Rb3 Bb4 13. Kh1 c5 14. c4 d4 15. f5 Qh4 16. Bc2 g6 17. Rh3 Qe7 18. Ba4+ Bd7 19. e6 Bxa4 20. Qxa4+ Kd8 21. Bg5 1-0

[Event "Newport Open"]
[Site "Newport"]
[Date "2007.01.06"]
[Round "3"]
[White "Evans, Craig"]
[Black "Morcom, Huw C"]
[Result "0-1"]
[WhiteElo "1952"]
[BlackElo "1881"]
[PlyCount "62"]
[EventDate "2007.01.05"]
[EventType "swiss"]
[EventRounds "5"]
[EventCountry "WLS"]
[SourceTitle "BritBase"]
[Source "John Saunders"]
[SourceDate "2025.01.31"]
[SourceVersion "1"]
[SourceVersionDate "2025.01.31"]
[SourceQuality "1"]

1. d4 g6 2. c4 Bg7 3. Nc3 f5 4. g4 e6 5. gxf5 exf5 6. Bf4 d6 7. Bg2 Nf6 8. e3 Nc6 9. Nge2 O-O 10. h4 Nh5 11. Bg5 Qd7 12. Nf4 Nxf4 13. Bxf4 Re8 14. Ne2 Qe7 15. Qd2 Nd8 16. Bg5 Bf6 17. Bxf6 Qxf6 18. O-O-O Be6 19. Bd5 Qf7 20. Nf4 Bxd5 21. cxd5 c6 22. Rdg1 cxd5 23. h5 Ne6 24. Nxd5 g5 25. Nf4 Nxf4 26. Rxg5+ Kh8 27. exf4 Qxa2 28. Rh3 Re2 29. Qxe2 Rc8+ 30. Rc3 Rxc3+ 31. bxc3 Qxe2 0-1